000 00506nam a2200157 i 4500
001 91070
003 ES-MaACL
005 20230906180630.0
007 t|
008 050127s1918 fr ||||1| fre d
100 1 _aLeredde, Laurent Victor Louis Emile.
_971756
245 1 0 _aTraitement du tabes
_b: (méningomyélite syphilitique postérieure) /
_cE. Leredee.
260 _aParís :
_bA. Maloine et Fils,
_c1918 (
_eEvreux :
_fCh. Herissey)
300 _aVII, 487 p. ;
_c25 cm.
852 _aES-MaACL
_jB-12670
999 _c91070
_d91070